000 00550nam a2200193Ia 4500
008 101110s9999 xx 000 0 und d
041 _aENGLISH
082 _bSR24058
100 _aBangui P. S. and Phatak V. V.
245 _aNew course in physics (FYBSC) Paper II 16 th rev edn.
365 _b90
520 _aPhysics
546 _aENGLISH
630 _aNew course in physics (FYBSC) Paper II 16 th rev edn.
650 _aPhysics
655 _aPhysics
730 _aNew course in physics (FYBSC) Paper II 16 th rev edn.
942 _cBOOK
999 _c816733
_d816730